A first course in string theory

Saved in:
Bibliographic Details
Main Author: Zwiebach, Barton 1954-
Format: Book
Language:English
Published: Cambridge : Cambridge University Press, 2004
Subjects:
Tags: Add Tag
No Tags, Be the first to tag this record!

MARC

LEADER 00000nam a2200000 i 4500
001 1/72323
008 050228s2004 eng d
020 |a 0-521-83143-1 
035 |l 10076787 
040 |a GR-MY-UA  |b gre  |e aacr 
041 0 |a eng 
082 0 |a 530.14  |2 (21) 
100 1 |a Zwiebach, Barton  |d 1954- 
245 1 2 |a A first course in string theory /  |c Barton Zwiebach 
260 |a Cambridge :   |b Cambridge University Press,   |c 2004 
300 |a xx, 558 σ.;  |b εικ.;  |c 26 εκ. 
504 |a Περιλαμβάνει βιβλιογραφία και ευρετήριο 
650 0 0 |a String models. 
852 |a INST  |b CHIOS  |e 20050228  |h 530.14 SWI  |p 005200022494  |q 005200022494  |t BK  |y 0 
901 |a BIBL2-2005-1 
909 |a Χ  |b 112446 
920 |a ΔΙΕΥΡΥΝΣΗ  |b ΕΠΕΑΕΚ-ΤΜΟΔ  |y ΧΙΟΣ  |z 2004-12 
970 |a ΧΑΖΙΡΗ  |b ΑΝΝΑ  |z 2005/02/28